| 000 | 00714cam a2200193 a 4500 | ||
|---|---|---|---|
| 001 | 000001036 | ||
| 005 | 20200929145453.0 | ||
| 008 | 010219s2000 it ach bc 000 0 ita | ||
| 040 |
_aDO-SdBNP _cDLC _dDLC |
||
| 082 |
_a853.7 _bM296s |
||
| 245 | 0 | 0 |
_aManzoni : _bscrittore e lettore europeo. |
| 260 |
_aRoma : _bDe Luca : _bUfficio centrale per i beni librari, le istituzioni culturali e l'editoria, _c2000. |
||
| 300 |
_a187 p. : _bil., rerts., fascims. ; _c30 cm. |
||
| 600 | 1 | 4 |
_aMANZONI, ALESSANDRO, _d1785-1873 _vEXPOSICIONES _93589 |
| 650 | 4 |
_aAutores italianos, _ySIGLOS XIX _93590 |
|
| 710 | 1 |
_aItaly. _bMinistero per i beni e le attivita culturali. _93591 |
|
| 910 | _aCatalogación por copia / LC | ||
| 910 | _aWM | ||
| 999 |
_c1012 _d1012 |
||